000 00630nam a2200241Ia 4500
005 20260430150019.0
008 008 250103s9999 xx 000 0 eng d
037 _aTheses
040 _aCRL
040 _beng
040 _ceng
041 _2eng
041 _aeng
084 _qCRL
100 _aNandy Sarmistha Au.; Mitra Enakshi Ray Gu.
_91236201
245 0 _aLyotard's critique of meta narrative approach to ethics
260 _c2021
300 _a167p.
650 _aPhilosophy
700 _aUniversity of Delhi. Faculty of Arts. Department of Philosophy
_978395
942 _cTH
999 _c1848730
_d1848730